Solution of differential equation models by polynomial approximation /

Guardado en:
Autor Principal: Villadsen, John.
Otros Autores: Michelsen, M. L.
Formato: Libro
Idioma:English
Publicado: Englewood Cliffs, N.J. : Prentice-Hall, c1978.
Series:Prentice-Hall international series in the physical and chemical engineering sciences
Materias:
Etiquetas: Agregar Etiqueta
Sin Etiquetas, Sea el primero en etiquetar este registro!
LEADER 01125pam a22002775a 4500
001 EIQ.libpla000336
008 770321s1978####nju######b####001#0#eng#d
005 20060329195933.0
245 1 0 |a Solution of differential equation models by polynomial approximation /  |c John Villadsen, Michael L. Michelsen. 
260 |a Englewood Cliffs, N.J. :  |b Prentice-Hall,  |c c1978. 
300 |a xv, 446 p. ;  |c 24 cm. 
490 0 |a Prentice-Hall international series in the physical and chemical engineering sciences 
504 |a Incluye referencias bibliográficas e índices. 
020 |a 0138222053 
100 1 |a Villadsen, John. 
700 1 |a Michelsen, M. L. 
082 0 0 |a 515/.35 
650 4 |a Ecuaciones diferenciales  |x Soluciones numéricas. 
650 4 |a Ingeniería química  |x Modelos matemáticos. 
650 4 |a Teoría de la aproximación  |x Polinómios. 
650 0 |a Differential equations  |x Numerical solutions. 
650 4 |a Approximation theory  |x Polynomials. 
650 0 |a Chemical engineering  |x Mathematical models. 
010 |a  77004331  
040 |a DLC  |c DLC  |d AR-BbSID 
859 |a AR-BbSID  |b BIB. PLAPIQUI  |h 515.35  |i V 71  |p 1664